000 00334nam a2200157Ia 4500
003 OSt
005 20260520154447.0
008 241002s9999 xx 000 0 und d
040 _cAACR2
082 _a808.3 HAM
100 _aHamsun, Knut
245 0 _aHunger
260 _aLondon:
_c1949
600 _aLiterature
942 _cUC
_2ddc
999 _c18886
_d18886